000 00508nam 22001813 4500
001 32553
090 _a32553
100 _a20260311d u||y0pory50 ba
101 _apor
200 _aHidráulica Agrícola e Urbana
_fAlberto Abecassis Manzanares
210 _aAEIST
_d1949
215 _a415 p.
_d23 cm
317 _5Serviço Meteorológico Nacional
500 _aHidráulica Agrícola e Urbana
606 _xHidráulica
_xBarragens
_923739
700 _aManzanares
_bAlberto Abecassis
_923740
801 _gISBD
942 _n0